000 00339nam a2200145Ia 4500
008 230718s9999 xx 000 0 und d
041 _aEng.
082 _a34002
_bABI-T
100 _aAbid S.A
245 4 _aThe employee serial security 1965
260 _aPakistan
_bPunjab law book
_c2000
300 _a48
650 _aLaw
999 _c28093
_d28093